Феминистките не харесват розово и други лъжи (Запис номер 438061)
[ съкратено ]
| 000 -Лидер | |
|---|---|
| Контролно поле с фиксирана дължина | 01184nam a2200277 a 4500 |
| 003 - Код на организацията, давaща контролен номер | |
| Контролно поле | BLK |
| 005 - Дата и час на последна редакция | |
| Контролно поле | 20240911142827.0 |
| 008 - Елементи от данни с фиксирана дължина | |
| fixed length control field | 211124b bu |||||r|||| 00| | bu d |
| 020 ## - Международен стандартен номер на книга ISBN | |
| Международен стандартен номер на книга ISBN | 9786197430387 |
| 040 ## - Източник на каталожния запис | |
| Идентификатор на билиотеката - собственик на записа | BLK |
| 041 ## - Код за език | |
| Код за езика на текст/звукозапис или на отделно заглавие | Български |
| Код за езика КДБФ | Български |
| 080 ## - УДК | |
| Текстов определител УДК | Социология по пол |
| УДК код - определител по УДК | 316.346.2 |
| УДК определител | -055.2 |
| УДК - код + определител | 316.346.2-055.2 |
| 080 ## - УДК | |
| Текстов определител УДК | Феминизъм |
| УДК код - определител по УДК | 141.72 |
| УДК - код + определител | 141.72 |
| 139 ## - Редно поле | |
| Редна дума | Феминистките не харесват розово и други лъжи |
| Авторски знак | Фем - Ф 37 |
| 245 ## - Сведения за заглавието | |
| Заглавие | Феминистките не харесват розово и други лъжи |
| Подзаглавни данни | Какво означава F-светът за тези страхотни жени |
| Редно поле (дума) | Състав. Скарлет Къртис |
| 260 ## - Област на издателските данни | |
| 9 (RLIN) | 391719 |
| Място на издаване, разпространение и проч. | София |
| Име на издателя, разпространителя и проч. | A&T Publ |
| Година на издаване | 2020 |
| Издателство - префикс ISBN | 978-954-533- |
| Печатница | (Костинброд : Мултипринт) |
| 300 ## - Физическа характеристика | |
| Страници | 390 с. |
| Размери/Мащаб | 21 см |
| 380 ## - Жанр | |
| Жанр | Обществени науки |
| 500 ## - Общи забележки | |
| Забележка | Ориг. загл. Feminists don't wear pink and other lies |
| 650 #7 - Допълнително описание по предмет – тема | |
| 9 (RLIN) | 175205 |
| Основно описание – тема или топоним | Феминизъм |
| 653 #7 - Ключова дума – ненормативна | |
| 9 (RLIN) | 186584 |
| Ключова дума | жени |
| 700 ## - Други автори (авторска отговорност) | |
| 9 (RLIN) | 1478 |
| Лично име | Къртис, Скарлет |
| Автороска отговорност (Описва отношението между автора и произведението) | състав. |
| 852 ## - Местоположение | |
| Фондова буква | Заемна - подръчен фонд |
| Систематично-азбучна сигнатура | 316.346/Ф 37 |
| 999 ## - СИСТЕМНИ КОНТРОЛНИ НОМЕРА | |
| Koha biblionumber | 438061 |
| Koha biblioitemnumber | 438061 |
| 942 ## - АРТИКУЛИ | |
| Вид на библиотечния материал | Книги |
| Скрит в OPAC | Не |
| Периодичен библиозапис | Да |
| Koha issues (borrowed), all copies | 3 |
| 944 ## - СЪЗДАВАНЕ И РЕДАКЦИЯ на ЗАПИСА | |
| Създаване/Редакция | Създаване |
| Дата на регистрацията/редакция | 2021-11-24 |
| Служител, извършил регистрацията/редакцията | 30531 |
| Статус, дата на статуса | Цветелина Шанова |
| Код за отписване | Код за изгубен артикул | Източник на класификационната схема | Код за повреда | Коз за рестрикции | Код за отдаване | Артикулен № | Име на библиотеката - собственик | Име на библиотеката, в която се намира в момента | Статус (Текущо местоположение) | Дата на вписване в системата | Местоположение - отдел | Цена в лева | Систематично азбучна сигнатура | Баркод | Цена в евро | Служебен тип на артикула | Инвентарен номер |
|---|---|---|---|---|---|---|---|---|---|---|---|---|---|---|---|---|---|
| Не е изгубен | Universal Decimal Classification | Не е повреден | без рестрикции | заемане за дома | 863622 | Регионална библиотека "Любен Каравелов" Русе | Регионална библиотека "Любен Каравелов" Русе | Заемна - подръчен фонд | 2021-11-24 | Заемна - подръчен фонд | 16.00 | 316.346/Ф 37 | 120000863077 | 8.18 | Книги | ||
| Не е изгубен | Universal Decimal Classification | Не е повреден | без рестрикции | заемане за дома | 863623 | Регионална библиотека "Любен Каравелов" Русе | Регионална библиотека "Любен Каравелов" Русе | Заемна - подръчен фонд | 2021-11-24 | Заемна - подръчен фонд | 16.00 | 316.346/Ф 37 | 120000863076 | 8.18 | Книги | ||
| Не е изгубен | Universal Decimal Classification | Не е повреден | само за читалня | ползва се в читалня | 937705 | Регионална библиотека "Любен Каравелов" Русе | Регионална библиотека "Любен Каравелов" Русе | Хранилище | 2023-12-21 | Хранилище | 19.99 | Цб 320721 | 120000896736 | 10.22 | Книги | 120000896736 |